000 00936nam a22001815i 4500
001 157190
003 ES-MaACL
005 20230906210619.0
008 020125s1874 sp |||| | spa d
040 _aCAM
_bspa
_cCAM
100 1 _aLastra, Salvador.
_970499
245 1 3 _aUn coracero
_b: juguete cómico en un acto y en verso /
_coriginal de Salvador Lastra.
260 _aMadrid :
_b[s.n.],
_c1874 (
_fImprenta de Diego Valero)
300 _a38 p. ;
_c20 cm.
500 _aEn port.: Representado en el Teatro de Variedades la noche del 12 de marzo de 1873.
596 _aEn verso de la port. consta: "La propiedad de esta obra pertenece á la galeria cómico-dramática titulada El Chiste ..."
852 _aES-MaACL
_jF-8604(7)
_z-- Enc. pasta española
_z-- Firma ms. de Gustavo Sáenz Díez, 1876
_q-- Falto de la cub. original
_z-- Enc. en un vol. facticio formando parte de la col. facticia "Teatro español moderno", vol. 57
999 _c157190
_d157190